ARRUPE JESUIT UNIVERSITY

CORONAVIRUS -STOP THE SPREAD - CLEAN,DISINFECT,COVER

Newton's philosophy of nature: (Record no. 122673)

MARC details
000 -LEADER
fixed length control field 00892cam a22002771 4500
001 - CONTROL NUMBER
control field 7445049
003 - CONTROL NUMBER IDENTIFIER
control field ARRUPE
005 - DATE AND TIME OF LATEST TRANSACTION
control field 20150521130500.0
008 - FIXED-LENGTH DATA ELEMENTS--GENERAL INFORMATION
fixed length control field 750828s1953 xx 000 0 eng
010 ## - LIBRARY OF CONGRESS CONTROL NUMBER
LC control number 53012509
035 ## - SYSTEM CONTROL NUMBER
System control number (OCoLC)1578361
040 ## - CATALOGING SOURCE
Original cataloging agency DLC
Transcribing agency FBoU
Modifying agency MnU
-- OCoLC
-- DLC
042 ## - AUTHENTICATION CODE
Authentication code premarc
050 00 - LIBRARY OF CONGRESS CALL NUMBER
Classification number B1299.N31
Item number T4
082 ## - DEWEY DECIMAL CLASSIFICATION NUMBER
Classification number 113
300 ## - PHYSICAL DESCRIPTION
Dimensions 21 cm.
100 1# - MAIN ENTRY--PERSONAL NAME
Personal name Newton, Isaac,
Dates associated with a name 1642-1727.
9 (RLIN) 17210
245 10 - TITLE STATEMENT
Title Newton's philosophy of nature:
Remainder of title selections from his writings/
Statement of responsibility, etc edited and arr. with notes by H. S. Thayer.
260 ## - PUBLICATION, DISTRIBUTION, ETC. (IMPRINT)
Place of publication, distribution, etc New York,
Name of publisher, distributor, etc Hafner Pub. Co.,
Date of publication, distribution, etc 1953.
300 ## - PHYSICAL DESCRIPTION
Extent xvi, 207 p.
490 0# - SERIES STATEMENT
Series statement The Hafner library of classics,
Volume number/sequential designation no. 16
504 ## - BIBLIOGRAPHY, ETC. NOTE
Bibliography, etc Bibliography: p. 205-207.
650 #0 - SUBJECT ADDED ENTRY--TOPICAL TERM
Topical term or geographic name as entry element Philosophy of nature.
9 (RLIN) 17211
700 ## - ADDED ENTRY--PERSONAL NAME
Personal name Thayer, Horace S.
Relator term ed.
9 (RLIN) 17909
906 ## - LOCAL DATA ELEMENT F, LDF (RLIN)
a 7
b cbc
c oclcrpl
d u
e ncip
f 19
g y-gencatlg
942 ## - ADDED ENTRY ELEMENTS (KOHA)
Source of classification or shelving scheme Library of Congress Classification
Koha item type Monograph ( Printed materials)
Holdings
Withdrawn status Lost status Source of classification or shelving scheme Damaged status Not for loan Collection code Home library Current library Shelving location Date acquired Total Checkouts Full call number Barcode Date last seen Date checked out Price effective from Koha item type
    Library of Congress Classification     Main Collection ARRUPE LIBRARY ARRUPE LIBRARY Main Collection 16/04/2015 1 B1299.N31 T4 46500002429 26/09/2019 13/09/2019 16/04/2015 Monograph ( Printed materials)

 

Arrupe Library. PO Box MP320 Mt Pleasant, Harare, Zimbabwe
263 242 745411|librarian@aju.ac.zw